Zahraničné predaje amerických spoločností
Rok 2011 nebol najlepší pre získavanie tržieb amerických spoločností. Tieto spoločnosti stratili na európskom trhu, zatiaľ čo na ázijskom trhu zaznamenali mierny nárast.
Gespeichert in:
| 1. Verfasser: | |
|---|---|
| Weitere Verfasser: | |
| Format: | Buchkapitel |
| Sprache: | Slowakisch |
| Schlagworte: | |
| Tags: |
Keine Tags, Fügen Sie das erste Tag hinzu!
|
MARC
| LEADER | 00000nla a2200000 4500 | ||
|---|---|---|---|
| 001 | 0159746 | ||
| 005 | 20240502072752.7 | ||
| 041 | 0 | |a slo | |
| 044 | |a SK | ||
| 245 | 1 | 0 | |a Zahraničné predaje amerických spoločností |c Miroslav Kmeťko, Pavel Škriniar |
| 520 | |a Rok 2011 nebol najlepší pre získavanie tržieb amerických spoločností. Tieto spoločnosti stratili na európskom trhu, zatiaľ čo na ázijskom trhu zaznamenali mierny nárast. | ||
| 610 | 2 | 0 | |a financie |
| 610 | 2 | 0 | |a tržby |
| 610 | 2 | 0 | |a predaj |
| 610 | 2 | 0 | |a firmy |
| 610 | 2 | 0 | |a USA |
| 610 | 2 | 0 | |a Európa |
| 610 | 2 | 0 | |a Ázia |
| 610 | 2 | 0 | |a trh |
| 100 | 1 | |a Kmeťko, Miroslav, 1969- | |
| 700 | 1 | |a Škriniar, Pavel, 1979- | |